Paroles SCH - A7 - Statistiques

Statistiques générales
  • Ce quiz a été pris 443 fois
  • Le résultat moyen est 231 sur 476
Statistiques - réponses
Réponse % Correct
a
95%
la
94%
me
94%
mon
92%
le
90%
du
89%
dans
87%
mes
87%
te
87%
rap
86%
limites
85%
ma
84%
papa
84%
pas
83%
sous
83%
un
83%
gegor
82%
J'recherche
82%
ni
82%
flic
81%
une
81%
jamais
79%
on
79%
perd
79%
j'suis
78%
minute
78%
toi
78%
ton
78%
pede
77%
j'peux
76%
perdre
76%
personne
76%
tete
76%
gilette
75%
sauvera
74%
malette
73%
amulette
72%
c'est
72%
en
72%
laisse
71%
l'cul
71%
nous
71%
qui
71%
ils
70%
m'reniera
70%
remplir
70%
puto
69%
recherche
68%
ont
67%
s'en
67%
va
67%
dure
66%
mort
66%
carre
65%
comme
65%
bite
64%
buvette
64%
cuvette
64%
gosse
64%
lui
64%
et
62%
leur
62%
au
61%
Dieu
60%
quand
60%
j'sais
59%
j'vais
59%
les
59%
pour
59%
que
59%
tu
59%
gant
58%
j'le
58%
qu'ils
58%
des
57%
porte
57%
prieront
57%
pute
56%
aides
55%
aimes
55%
it
55%
plonger
55%
teflon
55%
beat
54%
ira
53%
A7
50%
d'Michael
50%
j'ai
49%
re-cui
47%
sans
46%
cocaine
45%
rien
45%
Rien
45%
sorti
45%
volant
45%
deux
44%
d'illettrés
44%
mille
44%
insultant
43%
45
42%
calibre
42%
cd
42%
été
42%
hiver
42%
insolvables
41%
amg
40%
automne
40%
caline
40%
l'net
40%
y
40%
compris
39%
s'lever
39%
S'lever
39%
sur
38%
caille
37%
larme
37%
plus
37%
tout
37%
armes
36%
c'était
36%
l'time
36%
qu'la
36%
qu'on
36%
tuer
36%
aux
35%
mères
35%
mineurs
35%
verras
35%
paix
34%
soldat
34%
d'un
33%
épaisse
33%
uer-t
33%
grand
32%
guerre
32%
l'espoir
32%
mettait
32%
mourir
32%
botanique
31%
brune
31%
ramper
31%
rappelle
31%
t'applaudira
31%
vrai
31%
crise
30%
insortables
30%
connu
29%
ici
29%
monde
29%
son
29%
douane
28%
d'partir
28%
d'pères
28%
femmes
28%
frais
28%
intérimaires
28%
interimaires
28%
ivres
28%
kilogrammes
28%
veut
28%
chiffre
27%
maligne
27%
sortir
27%
crimes
26%
d'etre
26%
parler
26%
plomb
26%
sait
26%
alaska
25%
brume
25%
hommes
25%
inconsolables
25%
J'veux
25%
j'viens
25%
j'y
25%
plein
25%
ruse
25%
zonent
25%
étais
24%
l'plaisir
24%
d'l'or
23%
ouais
23%
tassimo
23%
dehors
22%
finira
22%
froid
22%
larmes
22%
mathafack
22%
riche
22%
tes-te
22%
barre
21%
écrit
21%
fait
21%
Malaga
21%
palpites
21%
flingue
20%
mince
20%
s'payer
20%
Shark
19%
tâche
19%
Tanger
19%
vraie
19%
anarchie
18%
bout
18%
carbures
18%
d'près
18%
entre
18%
chaine
17%
quatre
17%
s'il
17%
somme
17%
crane
16%
dorment
16%
GAV
16%
l'album
16%
loge
16%
murs
16%
Paul
16%
Bloqués
15%
j'dors
15%
j'fume
15%
s'tapent
15%
balles
14%
charcle
14%
frères
14%
l'homme
14%
l'orange
14%
coincés
13%
normes
13%
bud
12%
libres
12%
bagues
9%
one
9%
backcich
2%
Aucun quiz correspondant
Distribution des résultats
% des personnes avec chaque résultat
Percentile par nombre de réponses
Votre historique - résultats
Vous n’avez pas pris ce quiz